Normal view
MARC view
Entry Personal Name
001 - CONTROL NUMBER
- control field: 80541
003 - CONTROL NUMBER IDENTIFIER
- control field: dpl
005 - DATE AND TIME OF LATEST TRANSACTION
- control field: 20250409151725.0
008 - FIXED-LENGTH DATA ELEMENTS
- fixed length control field: 250409|| aca||aabn | a|a d
040 ## - CATALOGING SOURCE
- Original cataloging agency: dpl
- Transcribing agency: dpl
100 ## - HEADING--PERSONAL NAME
- Personal name: Ansal, Kusum
670 ## - SOURCE DATA FOUND
- Source citation: Work cat.: (dpl)145316: Ansal, Kusum , Uski panchvati / , 2017
